Movies Quiz

Random Movies Quiz
Score 0/10 Timer 05:00
0 Plays Today
Question Answer % Correct
Who plays Pita Ramos?Dakota Fanning
82.7%
What is Creasy's middle initial?W
66.2%
What is the PIN number the kidnappers use on the bank card?4747
50.4%
Who directed the movie?Tony Scott
42.4%
What is the name of Samuel's lawyer (played by Mickey Rourke)?Jordan Kalfus
41%
Who is on the medallion that Pita gives Creasy?St Jude
38.1%
What is The Voice's real name?Daniel Rosas Sanchez
37.4%
What song does Creasy listen to?Blue Bayou
31.7%
What was Manzano a former director of?Interpol
23%
What is the license plate number that Pita writes down for Creasy?C5TK89
15.8%
Remove Ads.
Support Sporcle.
Get the best of Sporcle when you Go Orange. This ad-free experience offers more features, more stats, and more fun while also helping to support Sporcle. Thank you for becoming a member.

You're not logged in!

Compare scores with friends on all Sporcle quizzes.
OR
Log In

Show Comments

Extras

Top Quizzes Today


Score Distribution

Your Account Isn't Verified!

In order to create a playlist on Sporcle, you need to verify the email address you used during registration. Go to your Sporcle Settings to finish the process.

Report this User

Report this user for behavior that violates our Community Guidelines.

Details: